Afroamerykańskie postacie historyczne - Statystyki

Ogólne statystyki
  • Ten quiz został rozwiązany 23 razy
  • Średni wynik to 3 z 22
Statystyki odpowiedzi
Wskazówka Osoba % Poprawnych
Pierwszy czarnoskóry prezydent Barack Obama
95%
Miał sen Martin Luther King, Jr.
91%
Prezenterka telewizyjna i miliarderka Oprah Winfrey
32%
Odmówiła oddania miejsca w autobusie w Montgomery w Alabamie Rosa Parks
32%
Olimpijczyk, który pokonał Hitlera zdobywając 4 złote medale Jesse Owens
23%
Czarny muzułmanin, który powiedział: „To musi być albo głosowanie, albo kula” Malcolm X
18%
Pierwsza Afroamerykanka, która zdobyła Oscara dla najlepszej aktorki (2002) Halle Berry
14%
Pierwszy prezydent Uniwersytetu Tuskegee Booker T. Washington
5%
Mówca abolicjonistyczny, który powiedział: „Czym jest dla niewolnika 4 lipca?” Frederick Douglass
5%
Pierwszy Afroamerykanin, który zdobył Oscara dla najlepszego aktora (1964) Sidney Poitier
5%
Autor „Korzeni” Alex Haley
0%
Piosenkarz jazzowy, który zaśpiewał „Strange Fruit”, protestacyjną piosenkę przeciwko linczom Billie Holiday
0%
Pierwszy czarnoskóry sekretarz stanu Colin Powell
0%
Pierwsza osoba zabita w masakrze bostońskiej Crispus Attucks
0%
Lider zespołu Cotton Club, nazywany najwspanialszym kompozytorem jazzowym wszech czasów Duke Ellington
0%
Botanik, który badał orzeszki ziemne George Washington Carver
0%
Zbiegły niewolnik, który powracał 13 razy, aby uwolnić 70 kolejnych osób Harriet Tubman
0%
Złamał barierę koloru w baseballu Jackie Robinson
0%
Autor „Niewidzialnego człowieka” Ralph Ellison
0%
Abolicjonistka i działaczka na rzecz równości płci, która powiedziała: „Czyż nie jestem kobietą” Sojourner Truth
0%
Pierwszy czarnoskóry sędzia Sądu Najwyższego Thurgood Marshall
0%
Współzałożyciel NAACP i pierwszy Afroamerykanin, który uzyskał tytuł doktora na Harvardzie W.E.B. Du Bois
0%
Nie znaleziono quizów pasujących do podanych kryteriów
Rozkład punktacji
Procent ludzi z każdym wynikiem
Percentyl według liczby udzielonych odpowiedzi
Twoja historia wyników
Nie rozwiązałeś tego quizu